000 00366pab a2200145 454500
008 180718b1990 xxu||||| |||| 00| 0 eng d
100 _aMiron, J.R.
245 _aSecurity of tenure, costly tenants and rent regulation
260 _c1990
300 _a167-84
362 _aApr.
650 _aRent - Regulation - Canada
773 _aUrban Studies
909 _a17722
999 _c17722
_d17722